Postacie z GTA 5 po opisie - Statystyki

Ogólne statystyki
  • Ten quiz został rozwiązany 746 razy
  • Średni wynik to 19 z 55
Statystyki odpowiedzi
Hint Odpowiedź % Poprawnych
Jeden z głównych bohaterów. Stary Przyjaciel Michaela Trevor Philips
98%
Jeden z głównych bohaterów. Został dodany w GTA Online w aktualizaji The Contract Franklin Clinton
93%
Jeden z głównych bohaterów. Pierwszego skoku dokonał w Carcer City Michael De Santa
89%
Pomaga głównym bohaterom w napadach Lester Crest
88%
Najlepszy Przyjaciel Franklina Lamar Davis
82%
Właściciel Salonu Samochodowego Premiere Deluxe Simeon Yeterian
79%
Żona Michaela Amanda De Santa
76%
Najlepszy Przyjaciel Trevora Philipsa i jego deuteragonista Ron Jakowski
70%
Stary znajomy Michaela i Trevora, zginął podczas napadu w North Yankton Bradley Snider
69%
Córka Michaela Tracey De Santa
62%
Znajomy Trevora i Rona Wade Hebert
62%
Agent FIB, W 2004 roku brał udział w zasadzce na Michaela, Trevora i Brada Dave Norton
60%
Skorumpowany Agent FIB, działa na niekorzyść IAA Steve Haines
58%
Pies Lamara Chop
57%
Multimilioner, mający udziały w wielu potężnych firmach Devin Weston
57%
Był oskarżany za działalność w Amerykańsko-Meksykańskim gangu narkotykowym. Martin Madrazzo
51%
Znany Producent filmowy i Właściciel firmy Richard Majestic Productions Solomon Richards
46%
Ciocia Franklina Denise Clinton
43%
Skoczek Spadochronowy uzależniony od adrenaliny Dom Beasley
43%
Syn Michaela James De Santa
43%
Prawniczka Devina Molly Schultz
40%
Towarzysz Josefa w Straży Granicznej Joe
39%
Prowadzący kanału "Chwała lub Chała" Lazlow Jones
39%
Kuzyn Wade'a Floyd Hebert
38%
Towarzysz Joego w Straży Granicznej Josef
38%
Żona Martina Patricia Madrazzo
38%
Instruktor Jogi Amandy De Santa Fabien LaRouche
32%
Sąsiadka Franklina i Lamara Tonya Wiggins
25%
Przyjaciel Franklina pracujący w Los Santos Customs Hao
24%
Urodził się w Yangshan w Chinach, jest synem lidera triady Tao Cheng
24%
Lider Chińskiej Triady Wei Cheng
22%
Podwładny Steve'a Heinesa Andreas Sanchez
21%
Rzecznik legalizacji Marihuany Barry
21%
Myśliwski Przyjaciel Trevora Cletus Ewing
19%
Szuka Przestępców którzy są poszukiwani listem gończym Maude Eccles
18%
Paparazzo robiący zdjęcia znanym ludziom Beverly Felton
17%
Traktuje poważnie sport Mary-Ann Quinn
17%
Psychoterapeuta Michaela Isiah Friedlander
16%
Brytyjski Turysta który przyjechał do Los Santos na Wakacje Nigel
10%
Były członek gangu Chamberlain Harold Joseph
9%
Został porwany przez IAA Ferdinand Kerimov
8%
Konkurent Lennego Josh Bernstein
8%
Założyciel Epsilonu Cris Formage
7%
Ogrodnik Michaela Carlos
6%
Siostra-Matka w organizacji Epsilon Marnie Allen
6%
Matka Trevora Pani Philips
6%
Sprzątaczka Michaela Eva
5%
Jeden z członków Epsilonu Tom
4%
Żona Franka Mathersa Abigail Mathers
3%
Reżyser Filmowy Anton Beaudeliare
3%
Znajomy Doma Jeff Chartier
3%
Przyjechała do Los Santos na Wakacje Pani Thornhill
2%
Barmanka w Barze Yellow Jack Janet
1%
Kierownik w firmie holowniczej Rodney
1%
Starszy mężczyzna mieszkający w Sandy Shores Wallis
1%
Nie znaleziono quizów pasujących do podanych kryteriów
Rozkład punktacji
Procent ludzi z każdym wynikiem
Percentyl według liczby udzielonych odpowiedzi
Twoja historia wyników
Nie rozwiązałeś tego quizu